Score 0/12 Timer 01:00
2 Plays Today
% Correct
New Orleans
78.8%
Denver
77.6%
Geneva
62%
Austin
57.9%
Bruges
47.4%
Cairo
43.7%
Auckland
32.6%
Singapore
30.7%
Beijing
30.6%
Bucharest
27.4%
Guangzhou
15.7%
Lima
9.9%

Today's Daily Dose

You're not logged in!

Compare scores with friends on all Sporcle quizzes.
OR
Log In

Sporcle TV

Today on Sporcle TV


Watch our educational content, quiz creation guides, and fun videos on Sporcle TV.

Show Comments

Extras

Top Quizzes Today


Score Distribution

Your Account Isn't Verified!

In order to create a playlist on Sporcle, you need to verify the email address you used during registration. Go to your Sporcle Settings to finish the process.

Report this User

Report this user for behavior that violates our Community Guidelines.

Details: